Estatísticas para Apresentadores, comentaristas e narradores do FOX Sports

Clique aqui para jogar o quiz

Estatísticas Gerais

  • Esse quiz foi jogado 7 vezes
    (3 desde o último reset)
  • A pontuação média é 25 de 60

Estatísticas das Respostas

FunçãoNome% Correto
ComentaristaEdmundo Souza
100%
ComentaristaZinho
50%
ApresentadorOscar Schmidt
50%
ComentaristaLeandro Quesada
50%
ApresentadoraLívia Nepomuceno
50%
Narrador, ComentaristaLivio Reis
50%
ApresentadorLuciano Calheiros
50%
NarradorMarco Alfaro
50%
NarradorMarco de Vargas
50%
ApresentadoraMarina Ferrari
50%
ComentaristaMaurício Borges
50%
Comentarista de ArbitragemNadine Bastos
50%
Apresentador, NarradorNivaldo Prieto
50%
ComentaristaPaulo Lima
50%
Apresentador, ComentaristaOsvaldo Pascoal
50%
ApresentadorJosé Ilan
50%
Apresentador, ComentaristaPaulo Vinicius Coelho
50%
ComentaristaRicardo Lay
50%
ComentaristaRodrigo Bueno
50%
NarradorRodrigo Cascino
50%
Apresentador, Narrador, ComentaristaRodrigo Mattar
50%
ApresentadorRudy Landucci
50%
NarradorSilva Junior
50%
NarradorTéo José
50%
Apresentador, Narrador, ComentaristaThiago Alves
50%
ApresentadoraVanessa Riche
50%
ComentaristaJuliano Lima
50%
Apresentadora, RepórterKarine Alves
50%
ComentaristaJosé Eduardo Savoia
50%
ApresentadorFelipe Motta
50%
ApresentadorBenjamin Back
50%
Comentarista de ArbitragemCarlos Eugênio Simon
50%
ApresentadoraCaroline Patatt
50%
RepórterDaniel Peixoto
50%
ApresentadoraDaniela Boaventura
50%
NarradorÉder Reis
50%
ComentaristaEdgar Melo Filho
50%
ApresentadoraEduarda Peccinati
50%
Apresentador, RepórterJoão Venturi
50%
Apresentador, ComentaristaEugênio Leal
50%
ApresentadorEduardo Elias
50%
Apresentador, ComentaristaFábio Sormani
50%
NarradoraIsabelly Morais
50%
Apresentador, ComentaristaFlávio Gomes
50%
ApresentadorFlávio Winicki
50%
ApresentadorGustavo Ribeirão
50%
Apresentador, NarradorJoão Guilherme
50%
Apresentador, NarradorHamilton Rodrigues
50%
Apresentadora, RepórterHelena Calil
50%
ComentaristaAndré Marinho Fernandes
0%
ComentaristaBernardo Regis
0%
ApresentadoraBia Feres
0%
ApresentadoraBranca Feres
0%
NarradoraManuela Avena
0%
Comentarista, RepórterFelippe Facincani
0%
NarradoraRenata Silveira
0%
ComentaristaPaulo Godinho
0%
ComentaristaPaulinho Villas Boas
0%
ComentaristaMário Filho
0%
Apresentador, RepórterAbel Neto
0%

Distribuição das Pontuações

Percentil de Números Respondidos

Porcentagem de Pessoas com Cada Pontuação

Sua Pontuação Histórica

Você não jogou esse quiz desde o último reset